Normal view
MARC view
- MS-Bioinformatics
Entry Topical Term
001 - CONTROL NUMBER
- control field: 84469
003 - CONTROL NUMBER IDENTIFIER
- control field: NUST
005 - DATE AND TIME OF LATEST TRANSACTION
- control field: 20211118120002.0
008 - FIXED-LENGTH DATA ELEMENTS
- fixed length control field: 211118|| aca||aabn | a|a d
040 ## - CATALOGING SOURCE
- Original cataloging agency: NUST
- Transcribing agency: NUST
150 ## - HEADING--TOPICAL TERM
- Topical term or geographic name entry element: MS-Bioinformatics
670 ## - SOURCE DATA FOUND
- Source citation: Work cat.: (NUST): Humaira Tayyab. 84468, Django-based Web Interface for Differential Expression Analysis of RNA-Seq Data: , 2021.
